Cuaderno de física y química; para tercer año del ciclo básico /

Guardado en:
Autor Principal: Cardama, Alberto M
Formato: Libro
Publicado: Buenos Aires : Estrada, 1976
Materias:
Etiquetas: Agregar Etiqueta
Sin Etiquetas, Sea el primero en etiquetar este registro!
LEADER 00779nam a22002055a 4500
001 CEM.cems015755
008 130507s1976##################000#0#####d
005 20210811182531.0
003 CEMS
245 1 0 |a Cuaderno de física y química; para tercer año del ciclo básico /  |c Alberto M Cardama, Mario O Catalano y Carlos Palermo 
260 |a Buenos Aires :  |b Estrada,  |c 1976 
300 |a 297 p. 
505 0 |a Experimentos. Ideas prácticas. Tareas de evaluación. Soluciones 
100 1 |a Cardama, Alberto M 
082 0 4 |a 541 
653 |a Física 
653 |a Física-experimentos 
859 |a CEMS  |b BIB. CEMS - Agricultura  |h 541  |i C178  |p A1513.12  |t Ej.2 
859 |a CEMS  |b BIB. CEMS - Agricultura  |h 541  |i C178  |p A17232.93  |t Ej.1 
859 |a CEMS  |b BIB. CEMS - 11 de abril  |h 541  |i C178  |p 14367.86  |t Ej.1